| 000 | 03123nam a22002537a 4500 | ||
|---|---|---|---|
| 005 | 20141114140922.0 | ||
| 008 | 121113r20102009ne abdf r 001 0 eng d | ||
| 020 | _a9780444533012 | ||
| 041 | 0 | _aeng | |
| 044 | _axxu | ||
| 082 | 0 | 4 |
_a304.25 _bL64c |
| 245 | 0 | 0 |
_aClimate change : _bobserved impacts on planet Earth / _cedited by Trevor M. Letcher |
| 260 |
_aAmsterdam : _bElsevier, _c2009. |
||
| 300 |
_axxiv, 444 p., [24] p. de láminas a color _bil., gráficas, mapas _c24 cm. |
||
| 504 | _aIncluye referencias bibliográficas e índice. | ||
| 505 | 0 |
_tPossible causes of climate change: The role of atmospheric gases in global warming / _rR.P. Tuckett. The role of widespread surface solar radiation trends in climate change : dimming and brightening / _rS. Cohen. The role of space weather and cosmic ray effects in climate change / _rL.I. Dorman. The role of volcanic activity in climate and global change / _rG. Stenchikov. The role of variations of the earth's orbital characteristics in climate change / _rL.J. Lourens and E. Tuenter. -- _gA _tgeological history of climate change: A geological history of climate change / _rJ. Zalasiewicz and M. Williams. -- _tIndicators of climate and global change: Changes in the atmospheric circulation as indicator of climate change / _rT. Reichler. Weather pattern changes in the tropics and mid-latitudes as an indicator of global changes / _rR.M. Trigo and L. Gimeno. Bird ecology as an indicator of climate and global change / _rW. Fiedler. Mammal ecology as an indicator of climate change / _rM.M. Humphries. Climate change as temporal and spatial mismatches in insect communities / _rS.L. Pelini ... [et al.]. Sea life (pelagic and planktonic ecosystems) as an indicator of climate and global change / _rM. Edwards. Changes in coral reef ecosystems as an indicator of climate and global change / _rM.J. Attrill. Changes in marine biodiversity as an indicator of climate change / _rB. Worm and H.K. Lotze. Intertidal indicators of climate and global change / _rN. Mieszkowska. Plant ecology as an indicator of climate and global change / _rM.D. Morecorft and S.A. Keith. The impact of climate and global change on crop production / _rG.R. Dixon. Rising sea levels as an indicator of global change / _rR. Gehrels. Sea temperature change as an indicator of global change / _rM.J. Attrill. Ocean current changes as an indicator of global change / _rT. Kanzow and M. Visbeck. Ocean acidification as an indicator of climate change / _rC. Turley and H.S. Findlay. Ice sheets : indicators and instruments of climate change / _rD.G. Vaughan. Lichens as an indicator of climate and global change / _rA. Aptroot. Coastline degradation as an indicator of global change / _rR.J. Nicholls, C. Woodroffe and V. Burkett. Plant pathogens as indicators of climate change / _rK.A. Garrett ... [et al.]. |
|
| 650 | 1 | 4 |
_aCambio climático _928657 |
| 650 | 2 | 4 |
_aCambio climático _xAspectos ambientales _928658 |
| 650 | 2 | 4 |
_aCambio medioambiental global _91024 |
| 650 | 6 |
_aClima _xefectos sociales _928659 |
|
| 650 | 6 |
_aTiempo _xefectos sociales _928660 |
|
| 700 | 1 |
_aLetcher, Trevor M. _eed _91025 |
|
| 942 |
_2ddc _cLIBRO |
||
| 999 |
_c7468 _d7468 |
||